| 000 | 00353 a2200157 4500 | ||
|---|---|---|---|
| 001 | 179690 | ||
| 020 | _a | ||
| 040 | _cMagnum | ||
| 100 | _aPenteado, Maria HeloĆsa | ||
| 240 | 1 | 0 |
_aA menina que o vento roubou _lpor |
| 245 | 1 | 0 | _aA menina que o vento roubou |
| 300 | _a31 | ||
| 362 | 0 | _a1986 | |
| 697 | _aLITERATURA INFANTO-JUVENIL | ||
| 942 | _cBK | ||
| 999 |
_c179690 _d179690 |
||